[Event "WCU Spring Open"]
[Site "Cardiff"]
[Date "2026.03.07"]
[Round "3.6"]
[White "Anandkumar, Govind"]
[Black "Bani Hani, Madged"]
[Result "0-1"]
[WhiteElo "1722"]
[BlackElo "1852"]
[WhiteFideId "-1"]
[BlackFideId "-1"]
[PlyCount "112"]
[GameId "2287565113426257"]
[EventDate "2026.03.07"]
[EventType "swiss"]
[EventRounds "5"]
[EventCountry "WLS"]

1. e4 d5 2. exd5 Nf6 3. d4 Bg4 4. Nf3 Qxd5 5. c4 Bxf3 6. Qxf3 Qxf3 7. gxf3 Nc6 8. Be3 e6 9. Nc3 O-O-O 10. O-O-O h6 11. Ne4 Be7 12. Bh3 Kb8 13. Rd2 Nd7 14. d5 exd5 15. cxd5 Nce5 16. f4 Nc4 17. Rd3 Nxe3 18. fxe3 Rhe8 19. d6 cxd6 20. Nxd6 Nc5 21. Nxe8 Nxd3+ 22. Kc2 Nb4+ 23. Kb1 Rxe8 24. Re1 Bc5 25. e4 Nd3 26. Rf1 Rxe4 27. Bf5 Rxf4 28. Bxd3 Rxf1+ 29. Bxf1 Kc7 30. Kc2 Kd6 31. Kd3 Ke5 32. Bg2 b6 33. a3 a5 34. a4 Kf4 35. Ke2 Bg1 36. h3 Bd4 37. Bd5 f5 38. b3 Kg3 39. Be6 g6 40. Bf7 g5 41. Be6 Kxh3 42. Bxf5+ Kg3 43. Be4 h5 44. Bf3 g4 45. Bd5 Kh2 46. Kf1 h4 47. Be6 g3 48. Bd5 h3 49. Be4 g2+ 50. Bxg2 hxg2+ 51. Ke2 g1=Q 52. b4 Qe3+ 53. Kd1 Qf2 54. b5 Bc3 55. Kc1 Qd2+ 56. Kb1 Qb2# 0-1

[Event "WCU Spring Open"]
[Site "Cardiff"]
[Date "2026.03.07"]
[Round "3.7"]
[White "Fathallah, Joe"]
[Black "Tomkins Coll, Owen"]
[Result "1-0"]
[WhiteElo "1932"]
[BlackElo "1812"]
[BlackFideId "-1"]
[PlyCount "97"]
[GameId "2287633234653353"]
[EventDate "2026.03.07"]
[EventType "swiss"]
[EventRounds "5"]
[EventCountry "WLS"]

1. d4 Nf6 2. c4 c5 3. d5 d6 4. Nc3 g6 5. e4 Bg7 6. h3 O-O 7. Nf3 Na6 8. Bd3 Re8 9. O-O Nc7 10. Bf4 e5 11. dxe6 fxe6 12. e5 dxe5 13. Bxe5 Nd7 14. Bxg7 Kxg7 15. Re1 Nf6 16. Qc2 Nh5 17. Rad1 Qf6 18. Ne4 Qf4 19. Qc3+ e5 20. Nd6 Bxh3 21. Nxe8+ Rxe8 22. Rxe5 Nf6 23. Rxe8 Ncxe8 24. Qe5 Qxe5 25. Nxe5 Be6 26. Re1 Nc7 27. b3 Nfe8 28. f3 Kf6 29. Kf2 Nd6 30. Ng4+ Bxg4 31. fxg4 Ne6 32. Kg3 h6 33. Bxg6 Ng5 34. Bd3 a6 35. Re2 Ne6 36. Be4 Nd4 37. Rf2+ Ke5 38. Bh7 Ne6 39. Bf5 Nd4 40. Kh4 N6xf5+ 41. gxf5 Nxf5+ 42. Kh5 Ng3+ 43. Kxh6 b5 44. Rf3 Nf5+ 45. Kg5 Nd6 46. cxb5 axb5 47. g4 Kd4 48. Kh6 Ne4 49. g5 1-0

[Event "WCU Spring Open"]
[Site "Cardiff"]
[Date "2026.03.07"]
[Round "3.8"]
[White "Zheng, Lucas"]
[Black "Jukes, Sam"]
[Result "0-1"]
[WhiteElo "1661"]
[BlackElo "1905"]
[WhiteFideId "-1"]
[PlyCount "62"]
[GameId "2287634571432544"]
[EventDate "2026.03.07"]
[EventType "swiss"]
[EventRounds "5"]
[EventCountry "WLS"]

1. e4 e5 2. Nf3 Nc6 3. d4 exd4 4. Bc4 Nf6 5. e5 d5 6. Bb5 Nd7 7. O-O Be7 8. Bxc6 bxc6 9. Nxd4 Nb8 10. f4 c5 11. Nf3 O-O 12. Nc3 c6 13. Ne2 Na6 14. Ng3 f5 15. b3 Nc7 16. Bb2 Ne6 17. Nd2 a5 18. Rc1 Ba6 19. Rf3 c4 20. a4 g6 21. Kh1 Qb6 22. Ne2 Rfd8 23. Ng3 Rf8 24. Ne2 Rad8 25. Nf1 d4 26. Neg3 c3 27. Ba1 c5 28. Nh5 gxh5 29. Rg3+ Kh8 30. Qxh5 Nxf4 31. Qf3 Nxg2 0-1

[Event "WCU Spring Open"]
[Site "Cardiff"]
[Date "2026.03.07"]
[Round "3.9"]
[White "Kong, Emma Zihan"]
[Black "Shevchenko, Danylo"]
[Result "1/2-1/2"]
[WhiteElo "1873"]
[BlackElo "1687"]
[BlackFideId "-1"]
[PlyCount "84"]
[GameId "2287636267643777"]
[EventDate "2026.03.07"]
[EventType "swiss"]
[EventRounds "5"]
[EventCountry "WLS"]

1. c4 e6 2. g3 d5 3. d4 Nf6 4. Nc3 Be7 5. Bg2 O-O 6. Nf3 Nbd7 7. O-O b6 8. Ne5 Bb7 9. Qa4 Nxe5 10. dxe5 Ne4 11. Nxe4 dxe4 12. Be3 Qe8 13. Qc2 Qc6 14. Rac1 Rab8 15. a3 Bc5 16. Qc3 Bxe3 17. Qxe3 Qc5 18. Qc3 Rfd8 19. Rfd1 Qa5 20. Qxa5 bxa5 21. e3 a4 22. Rd4 Rxd4 23. exd4 f5 24. c5 Ba6 25. Rc2 Bd3 26. Rd2 Rd8 27. Bf1 Rxd4 28. Bxd3 exd3 29. f4 Rc4 30. Kf2 Rxc5 31. Ke3 Kf7 32. Kxd3 Rd5+ 33. Kc3 Rxd2 34. Kxd2 Ke7 35. Kc3 Kd7 36. Kb4 Kc6 37. Kxa4 Kb6 38. Kb4 g6 39. Kc4 a6 40. a4 c5 41. h3 a5 42. g4 Kc6 1/2-1/2

[Event "WCU Spring Open"]
[Site "Cardiff"]
[Date "2026.03.07"]
[Round "3.10"]
[White "Richards, Gareth"]
[Black "Davis, Lee"]
[Result "0-1"]
[WhiteElo "1625"]
[BlackElo "1862"]
[WhiteFideId "-1"]
[PlyCount "154"]
[GameId "2287638406227717"]
[EventDate "2026.03.07"]
[EventType "swiss"]
[EventRounds "5"]
[EventCountry "WLS"]

{[%evp 0,109,12,21,24,10,37,33,29,38,34,34,-38,8,26,34,-50,34,-64,-85,-10,-81,-82,-105,-137,-144,-63,-95,-62,-68,-105,-111,-66,132,-52,-165,-149,-98,-82,-72,-10,-7,2,145,-1,-10,29,-41,-2,-86,17,-166,-54,-203,-176,-277,-270,-308,-304,-345,-324,-427,-149,-276,-261,-256,-275,-279,-294,-675,-583,-665,-379,-556,-655,-657,-595,-625,-664,-677,-636,-552,-638,-550,-633,-638,-584,-689,-671,-676,-562,-655,-512,-663,-670,-682,-425,-667,-657,-670,-454,-660,-670,-671,-482,-660,-200,-490,-482,-466,-590,-619]} 1. e4 g6 2. d4 d6 3. Bc4 Bg7 4. Nf3 Nf6 5. Nc3 O-O 6. O-O Nxe4 7. Bxf7+ Rxf7 8. Nxe4 d5 9. Ng3 Nc6 10. c3 Bg4 11. Re1 Qd6 12. Re3 Bh6 13. Rd3 Bxc1 14. Rxc1 Raf8 15. Qb3 Bxf3 16. gxf3 h5 17. c4 Na5 18. Qc3 dxc4 19. Re3 b6 20. Ne4 Qd5 21. b4 cxb3 22. axb3 e6 23. b4 Nb7 24. Qd3 Nd6 25. Ng3 Nf5 26. Re5 Qxd4 27. Qxd4 Nxd4 28. Re4 Nxf3+ 29. Kg2 h4 30. Rxe6 h3+ 31. Kh1 Nh4 32. Ne4 Kg7 33. Ng5 Rxf2 34. Rxc7+ Kh6 35. Nxh3 Rf1+ 36. Ng1 Nf3 37. Kg2 Rxg1+ 38. Kf2 Rb1 39. Ree7 Ng5+ 40. Ke2 Rb2+ 41. Kd3 Rxb4 42. Rxa7 Rf3+ 43. Kc2 Re4 44. Red7 Re2+ 45. Rd2 Rxd2+ 46. Kxd2 Rf6 47. Ra8 Nf3+ 48. Ke3 Kg5 49. Rh8 Nh4 50. Ke4 Rf2 51. h3 b5 52. Kd5 Rb2 53. Kc5 b4 54. Kc4 Nf5 55. Rh7 Kf4 56. Rd7 Ne3+ 57. Kd3 Rb3+ 58. Ke2 Nf5 59. Rb7 Re3+ 60. Kd2 b3 61. Rb4+ Kf3 62. Rb6 Re2+ 63. Kc1 b2+ 64. Kb1 Rg2 65. Rb3+ Ne3 66. h4 Ke4 67. Rb4+ Kf5 68. Ka2 Nd5 69. Rb5 Ke4 70. Rxb2 Rxb2+ 71. Kxb2 Kf4 72. Kc2 Kg4 73. Kd2 Kxh4 74. Ke2 Kg3 75. Kf1 Kh2 76. Kf2 g5 77. Kf3 Nf6 0-1

[Event "WCU Spring Open"]
[Site "Cardiff"]
[Date "2026.03.07"]
[Round "3.11"]
[White "Turner, Joseph David"]
[Black "Williams, John A"]
[Result "1-0"]
[WhiteElo "1806"]
[BlackElo "1656"]
[BlackFideId "-1"]
[PlyCount "53"]
[GameId "2287643957405484"]
[EventDate "2026.03.07"]
[EventType "swiss"]
[EventRounds "5"]
[EventCountry "WLS"]

1. e4 d6 2. d4 Nf6 3. Nc3 e5 4. Bg5 Be7 5. Nf3 Nbd7 6. Bc4 O-O 7. h3 c6 8. dxe5 Nxe5 9. Nxe5 dxe5 10. Qf3 b5 11. Bd3 a6 12. g4 Be6 13. Ne2 c5 14. Ng3 h6 15. Bd2 c4 16. Be2 Qc7 17. Nf5 Bxf5 18. gxf5 Qc6 19. Rg1 Qxe4 20. Bxh6 Qxf3 21. Bxf3 e4 22. Bxg7 exf3 23. Bxf6+ Kh7 24. Bxe7 Rfe8 25. f6 Rad8 26. Rd1 Rxd1+ 27. Kxd1 1-0

[Event "WCU Spring Open"]
[Site "Cardiff"]
[Date "2026.03.07"]
[Round "3.12"]
[White "Burton, Henry"]
[Black "Di-Vetta, Andrew"]
[Result "0-1"]
[WhiteElo "1577"]
[BlackElo "1798"]
[WhiteFideId "-1"]
[BlackFideId "-1"]
[PlyCount "124"]
[GameId "2294062423244858"]
[EventDate "2026.03.07"]
[EventType "swiss"]
[EventRounds "5"]
[EventCountry "WLS"]

1. d4 d5 2. Bf4 Nf6 3. Nf3 c6 4. e3 Qb6 5. b3 Bg4 6. Be2 e6 7. O-O Nbd7 8. Nbd2 h6 9. c4 Be7 10. Qc2 Bf5 11. Bd3 Bxd3 12. Qxd3 O-O 13. Ne5 Nxe5 14. Bxe5 Nd7 15. Bf4 g5 16. Bg3 f5 17. Qe2 Nf6 18. h4 g4 19. f3 Nh5 20. Be5 Bb4 21. fxg4 Bxd2 22. gxh5 Qa5 23. Qf3 Kh7 24. g4 Rg8 25. Rf2 Qc3 26. Rff1 Qxe3+ 27. Kh2 Qxf3 28. Rxf3 Rxg4 29. Kh3 Rag8 30. a3 Ba5 31. Ra2 Bd8 32. Bg3 Rxd4 33. Re2 Re4 34. Rxe4 dxe4 35. Rf1 Bf6 36. Rd1 Rd8 37. Rxd8 Bxd8 38. Be5 Bb6 39. Kg3 Be3 40. Bf4 Bxf4+ 41. Kxf4 e5+ 42. Ke3 c5 43. b4 Kg7 44. bxc5 Kf7 45. a4 Ke6 46. a5 a6 47. Kd2 f4 48. Ke2 Kd7 49. Kd2 Kc6 50. Kc3 Kxc5 51. Kd2 Kxc4 52. Kc2 e3 53. Kd1 f3 54. Ke1 Kd3 55. Kf1 f2 56. Kg2 Ke2 57. Kg3 f1=Q 58. Kh2 Qf4+ 59. Kh3 Kd2 60. Kg2 e2 61. Kh3 e1=Q 62. Kg2 Qfg3# 0-1

[Event "WCU Spring Open"]
[Site "Cardiff"]
[Date "2026.03.07"]
[Round "3.13"]
[White "McGrath, Ethan"]
[Black "Bartlett-Davis, Otto"]
[Result "1/2-1/2"]
[WhiteElo "1747"]
[BlackElo "1618"]
[WhiteFideId "-1"]
[BlackFideId "-1"]
[PlyCount "88"]
[GameId "2287891797577814"]
[EventDate "2026.03.07"]
[EventType "swiss"]
[EventRounds "5"]
[EventCountry "WLS"]

1. Nf3 d5 2. g3 Nf6 3. Bg2 g6 4. d3 Bg7 5. O-O O-O 6. Re1 c6 7. Nc3 Re8 8. e4 d4 9. Ne2 e5 10. Nd2 c5 11. f4 Nfd7 12. Nc4 Qe7 13. fxe5 Nxe5 14. Nxe5 Bxe5 15. Nf4 Bxf4 16. Bxf4 Nc6 17. Qd2 f6 18. Qf2 Ne5 19. h3 Bd7 20. Rf1 Rf8 21. Rab1 Rac8 22. Bd2 b6 23. b4 Be6 24. a3 Qd7 25. Kh2 Rf7 26. bxc5 bxc5 27. Rfd1 Qd6 28. Rb2 g5 29. Rdb1 Rcc7 30. Bf3 Rfd7 31. Rb8+ Kg7 32. Bh5 Bf7 33. Bxf7 Rxf7 34. Qe2 Qc6 35. h4 h6 36. Kg1 Qe6 37. Rd8 Rfd7 38. Rbb8 Rxd8 39. Rxd8 Qe7 40. Rb8 Rb7 41. Rc8 Rc7 42. Rb8 Rb7 43. Rc8 Rc7 44. Rb8 Rb7 1/2-1/2

[Event "WCU Spring Open"]
[Site "Cardiff"]
[Date "2026.03.07"]
[Round "3.15"]
[White "Wu, Nathaniel"]
[Black "Murthy, Arush"]
[Result "0-1"]
[WhiteElo "1517"]
[BlackElo "1665"]
[WhiteFideId "-1"]
[BlackFideId "-1"]
[PlyCount "116"]
[GameId "2287927208910959"]
[EventDate "2026.03.07"]
[EventType "swiss"]
[EventRounds "5"]
[EventCountry "WLS"]

{[%evp 0,113,12,27,27,20,41,40,53,-55,59,-13,82,16,22,38,36,28,41,49,48,47,38,21,17,16,27,18,25,-41,9,4,-79,-49,-31,-33,-18,-51,63,-33,-17,-92,-56,-61,-51,-101,-7,-76,9,-398,-406,-443,-330,-512,-530,-466,-440,-427,-251,-302,-318,-200,-414,-421,-409,-435,-315,-172,-291,-343,-297,-370,-372,-421,-528,-589,-581,-590,-556,-597,-588,-615,-410,-657,-628,-711,-713,-691,-714,-751,-605,-621,-326,-519,-563,-648,-482,-668,-514,-652,-681,-675,-717,-737,-727,-817,-671,-815,-719,-29999,-648,-785,-808,-627,-727,-906]} 1. e4 c5 2. c3 d6 3. d4 cxd4 4. cxd4 Nf6 5. Nc3 Nc6 6. Bb5 a6 7. Bxc6+ bxc6 8. Nf3 g6 9. O-O Bg7 10. e5 Nd5 11. Re1 O-O 12. exd6 Qxd6 13. Ne4 Qc7 14. Bd2 Nf4 15. Bxf4 Qxf4 16. h3 Rd8 17. Rc1 Rb8 18. b3 Qc7 19. d5 Qa5 20. Rxc6 Rxd5 21. Qc2 Bb7 22. Rc4 Rbd8 23. Nc5 Ba8 24. Re3 Rd1+ 25. Kh2 Bxf3 26. Rxf3 Be5+ 27. Rcf4 Qc7 28. Qc4 Bxf4+ 29. Rxf4 e6 30. g3 Qc6 31. Ne4 Qxc4 32. bxc4 Rc8 33. c5 Rc1 34. Nd6 Rc7 35. Ne4 Kg7 36. Nf6 R7xc5 37. Ne8+ Kf8 38. Nd6 Rc7 39. Rb4 R1c2 40. Kg2 Rxa2 41. Rb8+ Ke7 42. Nc8+ Kf6 43. Nd6 Rcc2 44. Kg1 Ke7 45. Ne4 Rc1+ 46. Kg2 Rc7 47. Rb6 h6 48. g4 f5 49. gxf5 gxf5 50. Ng3 Rcc2 51. Rb7+ Kf6 52. Nh5+ Kg5 53. Ng7 Rxf2+ 54. Kg3 Rg2+ 55. Kf3 Kf6 56. Nh5+ Ke5 57. Rc7 Rac2 58. Ra7 Rg5 0-1

[Event "WCU Spring Open"]
[Site "Cardiff"]
[Date "2026.03.07"]
[Round "3.16"]
[White "Moore, John"]
[Black "Srivastava, Angel"]
[Result "1-0"]
[WhiteElo "1596"]
[BlackElo "1365"]
[WhiteFideId "-1"]
[BlackFideId "-1"]
[PlyCount "59"]
[GameId "2287928839053439"]
[EventDate "2026.03.07"]
[EventType "swiss"]
[EventRounds "5"]
[EventCountry "WLS"]

1. Nf3 b6 2. g3 Bb7 3. Bg2 e6 4. c4 Nf6 5. O-O c5 6. Nc3 Be7 7. d3 O-O 8. Bf4 d6 9. Qc2 e5 10. Bg5 Nbd7 11. e3 h6 12. Bxf6 Nxf6 13. d4 Nd7 14. dxe5 Nxe5 15. Ng5 hxg5 16. Bxb7 Rb8 17. Bd5 Bf6 18. Rad1 Qc7 19. b3 a6 20. Bg2 Nc6 21. Nd5 Qd7 22. Nxf6+ gxf6 23. Bxc6 Qxc6 24. Qf5 Kg7 25. f4 Rbe8 26. fxg5 Re6 27. gxf6+ Rxf6 28. Qxf6+ Kg8 29. Rf4 Qd7 30. Qg5+ 1-0

[Event "WCU Spring Open"]
[Site "Cardiff"]
[Date "2026.03.07"]
[Round "3.17"]
[White "Lewis, David"]
[Black "Daniel, Elijah"]
[Result "1-0"]
[WhiteElo "1762"]
[BlackElo "1542"]
[WhiteFideId "-1"]
[BlackFideId "-1"]
[PlyCount "55"]
[GameId "2287929742049426"]
[EventDate "2026.03.07"]
[EventType "swiss"]
[EventRounds "5"]
[EventCountry "WLS"]

1. Nf3 Nf6 2. c4 e6 3. g3 b6 4. Bg2 Bb7 5. Nc3 Be7 6. O-O h6 7. d4 d5 8. cxd5 Nxd5 9. Re1 Nxc3 10. bxc3 g5 11. e4 c6 12. Ne5 Nd7 13. f4 Qc7 14. Rf1 Rh7 15. Qh5 Nf6 16. Qe2 O-O-O 17. fxg5 hxg5 18. Bxg5 Nh5 19. Rxf7 Rxf7 20. Nxf7 Bxg5 21. Nxd8 Nxg3 22. Qf3 Qxd8 23. Qxg3 e5 24. Qxe5 Be3+ 25. Kh1 Qh4 26. Rf1 Ba8 27. Qg7 Bh6 28. Rf8+ 1-0

[Event "WCU Spring Open"]
[Site "Cardiff"]
[Date "2026.03.07"]
[Round "3.18"]
[White "Are, Jai Hrithvik Adithya	"]
[Black "McGinley, Elijah"]
[Result "1-0"]
[WhiteElo "1481"]
[BlackElo "1511"]
[WhiteFideId "-1"]
[BlackFideId "-1"]
[PlyCount "49"]
[GameId "2287930638880933"]
[EventDate "2026.03.07"]
[EventType "swiss"]
[EventRounds "5"]
[EventCountry "WLS"]

1. e4 e5 2. Nf3 Nc6 3. Bc4 Bc5 4. O-O Nf6 5. Nc3 d6 6. d3 Qe7 7. Bg5 Be6 8. a3 Bxc4 9. dxc4 Qe6 10. Nd5 O-O-O 11. b4 Bd4 12. c3 Bb6 13. a4 a5 14. Nxb6+ cxb6 15. b5 Ne7 16. Qd3 h6 17. Be3 Kc7 18. Nd2 g5 19. f3 Ng6 20. Bf2 Nf4 21. Qe3 Kc8 22. Qxb6 Ne2+ 23. Kh1 Nxc3 24. Qa7 g4 25. Bb6 1-0

[Event "WCU Spring Open"]
[Site "Cardiff"]
[Date "2026.03.08"]
[Round "4.1"]
[White "Tapp, James"]
[Black "Bullen, Alex"]
[Result "1-0"]
[WhiteElo "2016"]
[BlackElo "2093"]
[WhiteFideId "-1"]
[PlyCount "65"]
[GameId "2287932502046112"]
[EventDate "2026.03.07"]
[EventType "swiss"]
[EventRounds "5"]
[EventCountry "WLS"]

{[%evp 0,11,12,28,13,11,22,22,32,14,37,-10,8,0]} 1. d4 d5 2. Nf3 Nf6 3. c4 dxc4 4. Nc3 a6 5. e4 b5 6. e5 Nd5 7. Ng5 e6 8. Qh5 Qd7 9. Be2 Bb7 10. O-O g6 11. Qg4 Be7 12. Nge4 Nxc3 13. bxc3 h5 14. Qf4 Bd5 15. a4 Qc6 16. Nf6+ Bxf6 17. Qxf6 Rg8 18. Bg5 Qd7 19. axb5 axb5 20. Rxa8 Bxa8 21. Rb1 Bc6 22. Bxc4 Kf8 23. Bh6+ Ke8 24. Bg5 Kf8 25. h4 Na6 26. Bxb5 Bxb5 27. Rxb5 c6 28. Rb6 Qa7 29. Rxa6 Qxa6 30. Qe7+ Kg7 31. Bf6+ Kh6 32. Qxf7 Qe2 33. Bg5# 1-0

[Event "WCU Spring Open"]
[Site "Cardiff"]
[Date "2026.03.08"]
[Round "4.2"]
[White "Kett, Timothy J"]
[Black "Binks, Michael E"]
[Result "1-0"]
[WhiteElo "2117"]
[BlackElo "1853"]
[WhiteFideId "-1"]
[BlackFideId "-1"]
[PlyCount "59"]
[GameId "2288087404754788"]
[EventDate "2026.03.07"]
[EventType "swiss"]
[EventRounds "5"]
[EventCountry "WLS"]

{[%evp 0,59,18,5,18,20,26,26,13,16,17,24,26,29,26,38,57,45,65,41,86,84,76,43,101,88,175,175,180,106,163,125,145,144,167,-9,206,85,184,173,157,16,160,112,162,164,185,189,198,194,327,233,376,373,391,228,603,428,672,654,461,704]} 1. e4 c5 2. Nf3 d6 3. d4 cxd4 4. Nxd4 Nf6 5. Nc3 g6 6. Be3 Bg7 7. f3 Bd7 8. Qd2 Nc6 9. O-O-O Qa5 10. Nb3 Qd8 11. Kb1 a6 12. g4 h5 13. g5 Nh7 14. Be2 Be6 15. f4 Rc8 16. Rhf1 Na5 17. Bd4 O-O 18. f5 Bxb3 19. axb3 Bxd4 20. Qxd4 Nc6 21. Qe3 Ne5 22. h4 Kh8 23. Nd5 e6 24. Nf4 exf5 25. exf5 Re8 26. Qd4 Nf8 27. Bc4 b5 28. Bxf7 Re7 29. fxg6 Qc7 30. Rd2 1-0

[Event "WCU Spring Open"]
[Site "Cardiff"]
[Date "2026.03.08"]
[Round "4.4"]
[White "Davis, Lee"]
[Black "Van Noorden, Nicolas"]
[Result "0-1"]
[WhiteElo "1862"]
[BlackElo "1950"]
[BlackFideId "-1"]
[PlyCount "68"]
[GameId "2288085813597868"]
[EventDate "2026.03.07"]
[EventType "swiss"]
[EventRounds "5"]
[EventCountry "WLS"]

1. d4 Nf6 2. c4 a6 3. g3 d6 4. Bg2 Nbd7 5. Nc3 e5 6. d5 Be7 7. e4 O-O 8. Nge2 Rb8 9. a4 a5 10. O-O Nc5 11. Qc2 Na6 12. h3 Nb4 13. Qd1 Bd7 14. Be3 Kh8 15. Nc1 g6 16. Nd3 Nxd3 17. Qxd3 Nh5 18. Qd1 Qe8 19. Ne2 f5 20. exf5 gxf5 21. f4 Rg8 22. Kh2 Bf6 23. Bf3 Rg7 24. Bxh5 Qxh5 25. Nc3 Qg6 26. Rg1 Rbg8 27. Qe1 Qe8 28. Qd2 Qe7 29. Qf2 Be8 30. Rg2 Bh5 31. Rgg1 c5 32. Rac1 exf4 33. gxf4 Bh4 34. Qf1 Qxe3 0-1

[Event "WCU Spring Open"]
[Site "Cardiff"]
[Date "2026.03.08"]
[Round "4.5"]
[White "Hewitt, William"]
[Black "Turner, Joseph David"]
[Result "1-0"]
[WhiteElo "1940"]
[BlackElo "1806"]
[PlyCount "55"]
[GameId "2288087425906539"]
[EventDate "2026.03.07"]
[EventType "swiss"]
[EventRounds "5"]
[EventCountry "WLS"]

1. Nf3 Nf6 2. g3 d5 3. Bg2 c6 4. O-O Bf5 5. d3 Nbd7 6. Nbd2 e5 7. Qe1 e4 8. dxe4 dxe4 9. Nh4 Bg4 10. Nxe4 Nxe4 11. Bxe4 g5 12. Qc3 gxh4 13. Qxh8 hxg3 14. hxg3 Qe7 15. Bf3 Bf5 16. Qd4 Bxc2 17. Bf4 f5 18. Bh5+ Kd8 19. Rac1 Bg7 20. Qd2 Be4 21. Bf3 Ke8 22. Bh5+ Kd8 23. Rfd1 Bd5 24. Bf3 Nf6 25. Bg5 Ke8 26. Bxf6 Bxf6 27. Bxd5 cxd5 28. Qxd5 1-0

[Event "WCU Spring Open"]
[Site "Cardiff"]
[Date "2026.03.08"]
[Round "4.6"]
[White "Di-Vetta, Andrew"]
[Black "Fathallah, Joe"]
[Result "0-1"]
[WhiteElo "1798"]
[BlackElo "1932"]
[WhiteFideId "-1"]
[PlyCount "124"]
[GameId "2294062423261252"]
[EventDate "2026.03.07"]
[EventType "swiss"]
[EventRounds "5"]
[EventCountry "WLS"]

1. d4 f5 2. Nc3 Nf6 3. Bg5 d5 4. Bxf6 exf6 5. e3 Be6 6. Bd3 Qd7 7. Nge2 Nc6 8. Nf4 O-O-O 9. a3 g5 10. Nxe6 Qxe6 11. Qd2 Nxd4 12. O-O-O Nc6 13. Rhe1 Bg7 14. Nb5 Qd7 15. Qc3 a6 16. Nd4 Nxd4 17. Qxd4 Kb8 18. Qb4 Qe6 19. c3 h5 20. Qb3 Qd6 21. h3 f4 22. Be4 c6 23. Qb6 fxe3 24. Rxe3 Rde8 25. Bf3 Rxe3 26. Qxe3 Qe5 27. Qxe5+ fxe5 28. Be2 Rf8 29. f3 Kc7 30. Kc2 Kd6 31. b4 b5 32. c4 bxc4 33. Bxc4 Ra8 34. Bd3 a5 35. b5 cxb5 36. Bxb5 Rc8+ 37. Kb3 d4 38. Bd3 Rb8+ 39. Ka4 Rb2 40. Be4 Bf8 41. Rc1 Rxg2 42. Rc6+ Kd7 43. Rg6 Be7 44. Kxa5 Bxa3 45. Bf5+ Kc7 46. h4 Bc1 47. Be4 Bd2+ 48. Kb5 Bf4 49. Kc5 Kd7 50. Kd5 Ke7 51. Re6+ Kf7 52. Rh6 gxh4 53. Rxh5 Rh2 54. Rh7+ Kf6 55. Rh5 Rh1 56. Bf5 d3 57. Bxd3 h3 58. Bf1 Rxf1 59. Rxh3 Rd1+ 60. Kc6 Kg5 61. Rh8 Rd3 62. Rg8+ Kf6 0-1

[Event "WCU Spring Open"]
[Site "Cardiff"]
[Date "2026.03.08"]
[Round "4.7"]
[White "Jukes, Sam"]
[Black "Chen, Wutong"]
[Result "0-1"]
[WhiteElo "1905"]
[BlackElo "1815"]
[BlackFideId "-1"]
[PlyCount "64"]
[GameId "2288407835357282"]
[EventDate "2026.03.07"]
[EventType "swiss"]
[EventRounds "5"]
[EventCountry "WLS"]

1. e4 e6 2. Nf3 d5 3. e5 c5 4. b4 cxb4 5. a3 bxa3 6. d4 Nc6 7. c3 Qa5 8. Bxa3 Bxa3 9. Rxa3 Qd8 10. Bd3 Nge7 11. h4 Bd7 12. O-O Nf5 13. g3 g6 14. Nbd2 O-O 15. Qe2 Qe7 16. Raa1 Rfc8 17. Kg2 b6 18. g4 Nxh4+ 19. Nxh4 Qxh4 20. Rh1 Qg5 21. Rh3 Kg7 22. Rg3 Rh8 23. Ba6 Na5 24. Ra3 h5 25. c4 Nxc4 26. Bxc4 dxc4 27. f3 hxg4 28. Ne4 Qc1 29. Nf2 Qxa3 30. fxg4 Bc6+ 31. Ne4 Qa1 32. Qf3 Bxe4 0-1

[Event "WCU Spring Open"]
[Site "Cardiff"]
[Date "2026.03.08"]
[Round "4.8"]
[White "Mckenna, Joshua"]
[Black "Kong, Emma Zihan"]
[Result "1-0"]
[WhiteElo "1739"]
[BlackElo "1873"]
[PlyCount "71"]
[GameId "2288408885551217"]
[EventDate "2026.03.07"]
[EventType "swiss"]
[EventRounds "5"]
[EventCountry "WLS"]

1. e4 c5 2. Nf3 g6 3. c3 Bg7 4. d4 cxd4 5. cxd4 d5 6. e5 a6 7. Nc3 Nc6 8. Be3 f6 9. Be2 e6 10. exf6 Nxf6 11. h3 O-O 12. O-O b5 13. Rc1 Ne7 14. Bf4 Ne4 15. Be5 Bh6 16. Nxe4 dxe4 17. Nd2 e3 18. fxe3 Bxe3+ 19. Kh1 Nf5 20. Rc7 Bxd4 21. Rxf5 Bxe5 22. Rxc8 Rxc8 23. Rxe5 Rc6 24. Bg4 Qc7 25. Re1 Rd8 26. Qe2 e5 27. Qe3 Rc2 28. Qb3+ Kg7 29. Ne4 Rc1 30. Qe3 Rxe1+ 31. Qxe1 Qc2 32. Ng5 Rd5 33. Ne6+ Kg8 34. Qf1 Qc8 35. Ng5 Qe8 36. Be6+ 1-0

[Event "WCU Spring Open"]
[Site "Cardiff"]
[Date "2026.03.08"]
[Round "4.9"]
[White "Tomkins Coll, Owen"]
[Black "Bowkett, George"]
[Result "1/2-1/2"]
[WhiteElo "1812"]
[BlackElo "1595"]
[WhiteFideId "-1"]
[BlackFideId "-1"]
[PlyCount "40"]
[GameId "2288409877491838"]
[EventDate "2026.03.07"]
[EventType "swiss"]
[EventRounds "5"]
[EventCountry "WLS"]

1. Nf3 d5 2. c4 c6 3. d4 Nf6 4. Nc3 e6 5. g3 g6 6. Bg2 Bg7 7. O-O O-O 8. Bg5 Qb6 9. c5 Qxb2 10. Na4 Qb5 11. Bd2 Ne4 12. Rb1 Qa6 13. e3 Nd7 14. Bb4 Re8 15. Re1 b5 16. Nc3 Ndf6 17. a4 Nxc3 18. Bxc3 Qxa4 19. Qxa4 bxa4 20. Ne5 Ne4 1/2-1/2

[Event "WCU Spring Open"]
[Site "Cardiff"]
[Date "2026.03.08"]
[Round "4.10"]
[White "Shevchenko, Danylo"]
[Black "Prabhu, Vismith"]
[Result "1-0"]
[WhiteElo "1687"]
[BlackElo "1748"]
[WhiteFideId "-1"]
[PlyCount "111"]
[GameId "2288410581631120"]
[EventDate "2026.03.07"]
[EventType "swiss"]
[EventRounds "5"]
[EventCountry "WLS"]

1. e4 c6 2. d4 d5 3. exd5 cxd5 4. Bd3 Nc6 5. c3 Qc7 6. Ne2 e5 7. dxe5 Nxe5 8. Bf4 Bd6 9. Bb5+ Bd7 10. Bxd7+ Qxd7 11. Qxd5 Ne7 12. Qe4 O-O-O 13. Bxe5 Bxe5 14. O-O Nc6 15. Na3 Rhe8 16. Qf3 Qd3 17. Qxd3 Rxd3 18. Rfe1 Red8 19. Ng3 Bc7 20. Ne4 Ne5 21. Nb5 a6 22. Nxc7 Kxc7 23. h3 h6 24. Nc5 R3d5 25. Nb3 Nc6 26. Re2 a5 27. a4 R8d7 28. Rae1 b5 29. axb5 Rxb5 30. Na1 Rd8 31. b3 Rd3 32. Re3 Rbd5 33. Kh2 Kd6 34. Nc2 Rxe3 35. Nxe3 Rd3 36. Rd1 Rxd1 37. Nxd1 Ke5 38. f3 g5 39. Kg3 f5 40. Kf2 h5 41. Ke3 Ne7 42. c4 Nc6 43. Nb2 f4+ 44. Kd3 Nb4+ 45. Kc3 Na2+ 46. Kd2 Kf5 47. Nd3 g4 48. fxg4+ hxg4 49. hxg4+ Kxg4 50. c5 Nb4 51. Nxb4 axb4 52. c6 Kg3 53. c7 Kxg2 54. c8=Q f3 55. Qg4+ Kf2 56. Qxb4 1-0

[Event "WCU Spring Open"]
[Site "Cardiff"]
[Date "2026.03.08"]
[Round "4.11"]
[White "Tyrrell, Lachlan Baly Hughes	"]
[Black "McGrath, Ethan"]
[Result "1-0"]
[WhiteElo "1508"]
[BlackElo "1747"]
[WhiteFideId "-1"]
[BlackFideId "-1"]
[PlyCount "39"]
[GameId "2288412243476643"]
[EventDate "2026.03.07"]
[EventType "swiss"]
[EventRounds "5"]
[EventCountry "WLS"]

1. Nf3 Nf6 2. d4 g6 3. c4 Bg7 4. Nc3 d5 5. cxd5 Nxd5 6. e4 Nb6 7. a4 a5 8. h3 O-O 9. Be2 N8d7 10. O-O c6 11. Be3 e5 12. d5 cxd5 13. exd5 Nf6 14. Qb3 Nfxd5 15. Nxd5 Be6 16. Qxb6 Bxd5 17. Rfd1 Qxb6 18. Bxb6 Bc6 19. b3 f5 20. Bc4+ 1-0